| 000 | 01120nam a2200181 a 4500 | ||
|---|---|---|---|
| 008 | 120416s1994 ||||||||||||||||| || u | ||
| 050 | _aDT 8753.K4 Chi | ||
| 100 | _aChisala, Beatwell | ||
| 245 | 1 | 4 | _aThe downfall of President Kaunda |
| 260 |
_aLusaka _bCo-op. Printing _c1994 |
||
| 300 | _a(iv), 382p. : ill. | ||
| 350 | _a0.00 | ||
| 995 |
_aMAIN LIBRARY OPEN ACCESS _D0.00 _e725851 _FCBU-MAIN LIBRARY (Kitwe) _H1 _I6000.00 _jDT 8753.K4 Chi _M3 _UAVAILABLE _y018614 _ZMain Library Open Access Collection |
||
| 995 |
_aBINDERY (DAMAGED) _D0.00 _e726448 _FCBU-MAIN LIBRARY (Kitwe) _H3 _I6000.00 _jDT 8753.K4 Chi _M4 _UDAMAGED _y001680 _ZMain Library Open Access Collection |
||
| 995 |
_aSPECIAL COLLECTIONS _D0.00 _e725850 _FCBU-MAIN LIBRARY (Kitwe) _H5 _I6000.00 _jZAM DT 8753.K4 Chi _M5 _UAVAILABLE _y018613 _ZZambiana Collection |
||
| 995 |
_aBINDERY (DAMAGED) _D0.00 _e001682 _FCBU-MAIN LIBRARY (Kitwe) _H2 _I6000.00 _jDT 8753.K4 Chi _M2 _UDAMAGED _y001682 _ZMain Library Open Access Collection |
||
| 995 |
_aBINDERY (DAMAGED) _D0.00 _e726449 _FCBU-MAIN LIBRARY (Kitwe) _H4 _I6000.00 _jDT 8753.K4 Chi _M1 _UDAMAGED _y001681 _ZMain Library Open Access Collection |
||
| 999 |
_c75650 _d75650 |
||